LIBRARY & INFORMATION CENTRE, KCAET, TAVANUR

ONLINE PUBLIC ACCESS CATALOGUE (OPAC)

Transport processes and unit operations / (Record no. 1530)

MARC details
000 -LEADER
fixed length control field 00571cam a2200217ua 4500
020 ## - INTERNATIONAL STANDARD BOOK NUMBER
ISBN 81-203-1134-5
041 ## - LANGUAGE CODE
Language code of text/sound track or separate title eng
082 ## - DEWEY DECIMAL CLASSIFICATION NUMBER
Classification number 660.2842
Item number GEA/TR
100 ## - MAIN ENTRY--AUTHOR NAME
Personal name Geankoplis, Christie.J .
245 ## - TITLE STATEMENT
Title Transport processes and unit operations /
250 ## - EDITION STATEMENT
Edition statement 3 /
260 ## - PUBLICATION, DISTRIBUTION, ETC. (IMPRINT)
Place of publication New Delhi :
Name of publisher Prentice Hall Inc ,
Year of publication 2000.
300 ## - PHYSICAL DESCRIPTION
Number of Pages 921 ; .
942 ## - ADDED ENTRY ELEMENTS (KOHA)
Koha item type Books
Holdings
Withdrawn status Lost status Damaged status Home library Current library Date acquired Full call number Accession Number Koha item type
      KAUAET KAUAET 07/04/2012 660.2842 20696 Books
      KAUAET KAUAET 07/04/2012 660.2842 20074 Books
      KAUAET KAUAET 07/04/2012 660.2842 20695 Books
      KAUAET KAUAET 07/04/2012 660.2842 19779 Books
free website counter